| 000 | 00506nam a2200205Ia 4500 | ||
|---|---|---|---|
| 005 | 20240704112213.0 | ||
| 008 | 131103s9999 xx 000 0 und d | ||
| 020 | _a0 87040 656 6 | ||
| 040 | _aLoreto College | ||
| 041 | _aEnglish | ||
| 082 |
_a740 _bCHA |
||
| 100 | _aChatani, Masahiro | ||
| 245 |
_aOrigamic architecture _cMasahiro Chatani |
||
| 260 |
_aTokyo _bOndorisha _c1984 |
||
| 300 |
_a87p. _b ill. |
||
| 440 | _aOndori pop - up | ||
| 650 | _aArchitecture | ||
| 850 | _aLCBED | ||
| 942 | _cBK | ||
| 999 |
_c30120 _d80599 |
||